The Laws of South West Africa 1949 (Record no. 2848)

MARC details
000 -LEADER
fixed length control field 00444nam a22001577a 4500
005 - DATE AND TIME OF INPUT
control field 20240827090039.0
008 - DATA ELEMENTS--GENERAL INFORMATION
fixed length control field 240827b |||||||| |||| 00| 0 eng d
041 ## - LANGUAGE CODE
Language code of text English
082 ## - SHELF NUMBER
DDC number 349 LAW
100 ## - MAIN AUTHOR
Language of a work English
245 ## - TITLE STATEMENT
Title The Laws of South West Africa 1949
260 ## - PUBLICATION, DISTRIBUTION, ETC.
Place of publication, distribution, etc. Windhoek:
Name of publisher, distributor, etc. By Authority,
Date of publication, distribution, etc. 1949
300 ## - PHYSICAL DESCRIPTION
Other physical details lxvii, 783 pages;
Dimensions 25 cm.
650 ## - SUBJECT`
Broad subject Legal practice
Own subject terms Law
942 ## - ADDED ENTRY ELEMENTS (KOHA)
Item type Books
942 ## - ADDED ENTRY ELEMENTS (KOHA)
-- ALISON_BN_VRIES
Holdings
Source of classification or shelving scheme Not for loan Collection code Home library Current library Shelving location Date acquired Full call number Barcode Price effective from Koha item type
Dewey Decimal Classification   The Laws of South West Africa LAW SOCIETY OF NAMIBIA LIBRARY - WINDHOEK LAW SOCIETY OF NAMIBIA LIBRARY - WINDHOEK The laws of the Republic of Namibia (Namibia statutes) 08/27/2024 349 LAW LSN/2023/4011 08/27/2024 Books
Dewey Decimal Classification   The Laws of South West Africa LAW SOCIETY OF NAMIBIA LIBRARY - WINDHOEK LAW SOCIETY OF NAMIBIA LIBRARY - WINDHOEK The laws of the Republic of Namibia (Namibia statutes) 08/27/2024 349 LAW LSN/2023/4012 08/27/2024 Books